Science Quiz

Random Science or Clickable Quiz
Score 0/10 Timer 03:00
0 Plays Today
% Correct
Glore Psychiatric Museum (St. Joseph, MO)
93.9%
Insectarium (Montreal, Canada)
93.3%
Oceanographic Museum (Monaco)
93.2%
National Air & Space Museum (Washington, DC)
92.9%
National Electronics Museum (Linthicum, MD)
92.7%
Neanderthal Museum (Mettmann, Germany)
92.5%
International Museum of Surgical Science (Chicago, IL)
91.6%
National Museum of Computing (Bletchley Park, UK)
90.1%
New Orleans Pharmacy Museum (New Orleans, LA)
89%
National Museum of Dentistry (Baltimore, MD)
88%
Remove Ads.
Support Sporcle.
Get the best of Sporcle when you Go Orange. This ad-free experience offers more features, more stats, and more fun while also helping to support Sporcle. Thank you for becoming a member.

You're not logged in!

Compare scores with friends on all Sporcle quizzes.
OR
Log In

Show Comments

Extras

Top Quizzes Today


Score Distribution

Your Account Isn't Verified!

In order to create a playlist on Sporcle, you need to verify the email address you used during registration. Go to your Sporcle Settings to finish the process.

Report this User

Report this user for behavior that violates our Community Guidelines.

Details: